El futuro del hombre en la naturaleza : ensayos sobre reservas de la biosfera /

Compilación de diversos ensayos científicos que forman la contribución de México al desarrollo del Plan de Acción de las Reservas de la Biosfera, denominado Programa Hombre y Biosfera promovido por UNESCO y que ofrecen una panoramica real del papel que dichas reservas juegan en la nueva concepción s...

সম্পূর্ণ বিবরণ

সংরক্ষণ করুন:
গ্রন্থ-পঞ্জীর বিবরন
অন্যান্য লেখক: Reyes-Castillo, Pedro (prólogo) (prólogo)
বিন্যাস: গ্রন্থ
ভাষা:স্প্যানিশ
মালা:(Instituto de Ecología ; 24)
বিষয়গুলি:
ট্যাগগুলো: ট্যাগ যুক্ত করুন
কোনো ট্যাগ নেই, প্রথমজন হিসাবে ট্যাগ করুন!

MARC

LEADER 00000nam^a2200000^a^4500
001 000181787
005 20250521000000.0
009 20260310101942.927
020 |a 968-7213-10-8 
037 |a Acervo ITESO - Biblioteca 
041 |a ESP 
082 |a 574. 222  |b ELF 
245 1 3 |a El futuro del hombre en la naturaleza :  |b ensayos sobre reservas de la biosfera /  |c pról. de P. Reyes-Castillo ; Michael Maldague... [et al.]. 
264 |a México :  |b Instituto de Ecología,  |c 1988 
300 |a 139 p. 
336 |a texto  |b txt  |2 rdacontenido 
337 |a sin mediación  |b n  |2 rdamedio 
338 |a volumen  |b nc  |2 rdasoporte 
440 1 |a (Instituto de Ecología ;  |v 24) 
520 |a Compilación de diversos ensayos científicos que forman la contribución de México al desarrollo del Plan de Acción de las Reservas de la Biosfera, denominado Programa Hombre y Biosfera promovido por UNESCO y que ofrecen una panoramica real del papel que dichas reservas juegan en la nueva concepción sobre la conservación de los recursos naturales en el mundo. 
649 |a XX 
650 |a Reservas Ecológicas -  |z México 
650 |a Reservas Ecológicas -  |z España 
650 |a Recursos Naturales 
650
650 |a Programas Sociales -  |x Evaluación 
650 |a Conservación y Protección Ambiental -  |z México 
650 |a Conservación y Protección Ambiental -  |z España 
650 |a Impacto Ambiental 
650 |a Política Ambiental 
650 |a Desarrollo Sustentable 
650 |a Biósfera 
650 |a Regiones Tropicales 
650 |a Ecosistemas 
650 |a Ecología 
650 |a Biología 
700 |a Reyes-Castillo, Pedro  |e (prólogo) 
910 |a Fondo General 
920 |a Impresos - Libros 
930 |a Colección General 
905 |a 101 
901 |a 0500121457  |b IT1  |c ACC  |u 20250521 
902 |a https://opac.biblio.iteso.mx/vufind/Record/000181787